00593nam a22001937a 4500010001300000020001100013035001300024037001800037040001200055082001600067245006300083260003000146270003800176300002700214650004600241650005700287650003700344700001800381 aA-897001 c550.00 aA-897001 bCen Lib / Ret aDPLbEn a343.04bTAX aTaxations yearbook & digest 1998 /cedited by O. C. Tandon aNew DelhibTaxationc1998 a174, Jor Bagh bNew Delhie110003 a426pbill ; c27cm(Hb) aTaxation -- Law and legislation -- India. aTaxation -- Law and legislation -- India -- Digests. aTaxation -- Law and legislation. aTandon, O. C.